000 00266nam a22001217a 4500
020 _a0-7214-1518-0
082 _a823
_bPOT/B
100 _aPOTTER BEATRIX
245 _aBENJAMIN BUNNY
260 _aENGLAND
_bLADY BIRD
650 _aENGLISH SHORT STORY
_zUK
942 _cBK
999 _c2090
_d2090